| 000 | 00586nam a2200193Ia 4500 | ||
|---|---|---|---|
| 003 | GCL | ||
| 008 | 140319s9999 xx 000 0 eng d | ||
| 040 |
_aGCL / _cGCL |
||
| 082 | 0 | 4 |
_a658.45 _bN K |
| 100 | 1 | _aNONAKO, IKUJIRO | |
| 245 | 1 | 0 |
_aTHE KNOWLEDGE - CREATING COMPANY: HOW JAPANESE COMPANIES CREAT THE DYNAMICS OF INNOVATIONS / _cNONAKO, IKUJIRO |
| 700 | 1 | _aTAKEUCHI, HIROTAKA | |
| 260 |
_a[S.N] : _bOXFORD UNIVERSITY PRESS ، _c1995 |
||
| 300 | _a348 P | ||
| 650 | 0 | 4 | _aJAPAN |
| 650 | 0 | 4 | _aINDUSTRIAL MANAGEMENT |
| 650 | 0 | 4 | _aCOMMUNICATION IN ORGANIZATION |
| 942 |
_2ddc _cBK |
||
| 999 |
_c13470 _d13470 |
||